00542cam a22001812 4500001001100000005001700011008004100028020001700069040001500086245009000101250001200191260003200203300001700235650003800252700003300290700003400323852000300357000002030420151217152212.0110909s xx 000 0 eng d a0199543656 : aKABUcKABU14aThe oxford handbook of religion and science /cPhilip Clayton, Zachary simpson (eds.) a1st ed. aNew York :bO. U. P,c2006. axvi, 1023 p. 0aReligion and Science.@00001485311 aClayton, Philip.@00001482321 aSimpson, Zachary.@00001804611